[Event "Hastings Challengers 1995/96"]
[Site "Hastings"]
[Date "1996.01.01"]
[Round "5"]
[White "Arkell, Keith C"]
[Black "Bronstein, David I"]
[Result "1/2-1/2"]
[WhiteElo "2505"]
[BlackElo "2445"]
[PlyCount "94"]
[EventDate "1995.12.28"]
[EventType "swiss"]
[EventRounds "11"]
[EventCountry "ENG"]
[SourceTitle "BritBase"]
[Source "John Saunders"]
[SourceDate "2025.01.31"]
[SourceVersion "1"]
[SourceVersionDate "2025.01.31"]
[SourceQuality "1"]

1. d4 Nf6 2. Nf3 g6 3. b4 Bg7 4. Bb2 O-O 5. Nbd2 d5 6. e3 b6 7. b5 Bb7 8. c4 a6 9. a4 c6 10. bxc6 Nxc6 11. Be2 Na5 12. O-O dxc4 13. Nxc4 Bxf3 14. gxf3 Nxc4 15. Bxc4 b5 16. axb5 axb5 17. Be2 b4 18. Qb3 Rb8 19. Rfc1 e6 20. f4 Nd5 21. Bf3 Nc3 22. Bxc3 bxc3 23. Qxc3 g5 24. fxg5 e5 25. dxe5 Qxg5+ 26. Bg2 Bxe5 27. Ra5 Rfe8 28. f4 Bxc3 29. Rxg5+ Bg7 30. Kf2 Rb2+ 31. Kf3 Rb3 32. Re1 Kf8 33. Rd5 Bf6 34. Bf1 Bh4 35. Re2 Bd8 36. Rd4 Bb6 37. Re4 Rxe4 38. Kxe4 f5+ 39. Kxf5 Bxe3 40. Bg2 Rb5+ 41. Kg4 h5+ 42. Kg3 Bd4 43. Rd2 Rb4 44. Rd3 h4+ 45. Kxh4 Be5 46. Kh5 Bxf4 47. h4 Kg7 1/2-1/2

[Event "Hastings Challengers 1995/96"]
[Site "Hastings"]
[Date "1996.01.01"]
[Round "5"]
[White "Bryson, Douglas Marshall"]
[Black "Sher, Miron Naumovich"]
[Result "0-1"]
[WhiteElo "2405"]
[BlackElo "2510"]
[PlyCount "58"]
[EventDate "1995.12.28"]
[EventType "swiss"]
[EventRounds "11"]
[EventCountry "ENG"]
[SourceTitle "BritBase"]
[Source "John Saunders"]
[SourceDate "2025.01.31"]
[SourceVersion "1"]
[SourceVersionDate "2025.01.31"]
[SourceQuality "1"]

1. e4 c5 2. Nf3 d6 3. d4 Nf6 4. Nc3 cxd4 5. Nxd4 Nc6 6. Bg5 e6 7. Qd2 a6 8. O-O-O h6 9. Be3 Qc7 10. f4 Bd7 11. Bd3 b5 12. Rhe1 Na5 13. e5 dxe5 14. fxe5 b4 15. Ncb5 axb5 16. exf6 gxf6 17. Qf2 Nc4 18. Qxf6 Rxa2 19. Bxc4 bxc4 20. Qxh8 c3 21. Nb3 Qa5 22. bxc3 bxc3 23. Kb1 Rb2+ 24. Kc1 Qa3 25. Qxf8+ Qxf8 26. Bc5 Qg7 27. Rd3 Ra2 28. Red1 Qg5+ 29. Be3 Qa5 0-1

[Event "Hastings Challengers 1995/96"]
[Site "Hastings"]
[Date "1996.01.01"]
[Round "5"]
[White "Christensen, Esben"]
[Black "Larsen, Steen Skovlund"]
[Result "0-1"]
[WhiteElo "2175"]
[BlackElo "2340"]
[PlyCount "61"]
[EventDate "1995.12.28"]
[EventType "swiss"]
[EventRounds "11"]
[EventCountry "ENG"]
[SourceTitle "BritBase"]
[Source "John Saunders"]
[SourceDate "2025.01.31"]
[SourceVersion "1"]
[SourceVersionDate "2025.01.31"]
[SourceQuality "1"]

1. e4 c5 2. Nf3 d6 3. d4 cxd4 4. Nxd4 Nf6 5. Nc3 Nc6 6. Bc4 e6 7. O-O a6 8. a4 Be7 9. Be3 O-O 10. f4 d5 11. exd5 exd5 12. Be2 Bc5 13. Qd2 Re8 14. Bf2 Bg4 15. Rae1 Bxe2 16. Rxe2 Qb6 17. Rxe8+ Rxe8 18. Nb3 Bxf2+ 19. Qxf2 d4 20. h3 Qa7 21. Na2 Ne4 22. Qe1 h5 23. Kh2 Nf6 24. Qd2 Re3 25. Nac1 h4 26. Ne2 Ne4 27. Qd1 Ng3 28. Rf2 Rxb3 29. cxb3 d3 30. Nxg3 Qxf2 31. Ne4 0-1

[Event "Hastings Challengers 1995/96"]
[Site "Hastings"]
[Date "1996.01.01"]
[Round "5"]
[White "Damm, Fabian"]
[Black "Quinn, Mark"]
[Result "0-1"]
[WhiteElo "2205"]
[BlackElo "2360"]
[PlyCount "40"]
[EventDate "1995.12.28"]
[EventType "swiss"]
[EventRounds "11"]
[EventCountry "ENG"]
[SourceTitle "BritBase"]
[Source "John Saunders"]
[SourceDate "2025.01.31"]
[SourceVersion "1"]
[SourceVersionDate "2025.01.31"]
[SourceQuality "1"]

1. g4 d5 2. e3 e5 3. Bg2 c6 4. h3 Bd6 5. b3 h5 6. gxh5 Qg5 7. Bf1 Nf6 8. Bb2 Nxh5 9. Nc3 e4 10. Qe2 Ng3 11. fxg3 Bxg3+ 12. Kd1 Bg4 13. hxg4 Rxh1 14. Qg2 Qh4 15. Nce2 Bd6 16. Nh3 Rh2 17. Qg1 Rxh3 18. Bxh3 Qxh3 19. Bxg7 Nd7 20. Nd4 Bh2 0-1

[Event "Hastings Challengers 1995/96"]
[Site "Hastings"]
[Date "1996.01.01"]
[Round "5"]
[White "Ferguson, Mark"]
[Black "Flear, Glenn C"]
[Result "1/2-1/2"]
[WhiteElo "2360"]
[BlackElo "2495"]
[PlyCount "73"]
[EventDate "1995.12.28"]
[EventType "swiss"]
[EventRounds "11"]
[EventCountry "ENG"]
[SourceTitle "BritBase"]
[Source "John Saunders"]
[SourceDate "2025.01.31"]
[SourceVersion "1"]
[SourceVersionDate "2025.01.31"]
[SourceQuality "1"]

1. e4 e5 2. Nf3 Nc6 3. Nc3 Nf6 4. Bb5 Bb4 5. O-O O-O 6. d3 d6 7. Bg5 Bxc3 8. bxc3 Bd7 9. Rb1 a6 10. Ba4 Rb8 11. h3 h6 12. Bh4 Ne7 13. Bxd7 Nxd7 14. Qd2 Qe8 15. Bxe7 Qxe7 16. Nh2 Qe6 17. c4 b5 18. Qa5 bxc4 19. Qxc7 Rxb1 20. Rxb1 cxd3 21. cxd3 Qxa2 22. Rc1 Qa3 23. Rc6 Nf6 24. Qxd6 Qxd6 25. Rxd6 Ra8 26. Nf3 a5 27. Nxe5 a4 28. Rc6 a3 29. Rc1 a2 30. Ra1 Ra5 31. Nc4 Ra4 32. Ne5 Ne8 33. Kf1 Nd6 34. Ke2 Nxe4 35. dxe4 Rxe4+ 36. Kf3 Rxe5 37. Rxa2 1/2-1/2

[Event "Hastings Challengers 1995/96"]
[Site "Hastings"]
[Date "1996.01.01"]
[Round "5"]
[White "Fox, Anthony"]
[Black "Radovanovic, Jovica"]
[Result "0-1"]
[WhiteElo "2125"]
[BlackElo "2280"]
[PlyCount "78"]
[EventDate "1995.12.28"]
[EventType "swiss"]
[EventRounds "11"]
[EventCountry "ENG"]
[SourceTitle "BritBase"]
[Source "John Saunders"]
[SourceDate "2025.01.31"]
[SourceVersion "1"]
[SourceVersionDate "2025.01.31"]
[SourceQuality "1"]

1. e4 c5 2. Nf3 d6 3. g3 Nf6 4. d3 g6 5. Bg2 Bg7 6. O-O O-O 7. Nbd2 Nc6 8. a4 e5 9. c3 Re8 10. Re1 h6 11. Nc4 Be6 12. Nfd2 Rb8 13. Qc2 b6 14. Ne3 d5 15. exd5 Nxd5 16. Ndc4 Qd7 17. Rd1 Rbd8 18. Rb1 Nce7 19. Nxd5 Bxd5 20. Bxd5 Qxd5 21. Ne3 Qf3 22. b4 cxb4 23. Rxb4 Rd7 24. Bb2 Red8 25. Rb3 h5 26. c4 h4 27. Ng2 h3 28. Ne1 Qc6 29. Ra3 Nf5 30. a5 Bf8 31. Rb3 bxa5 32. Qe2 Nd4 33. Bxd4 Rxd4 34. Nf3 Bb4 35. Rdb1 R4d6 36. Kf1 Rf6 37. Rxb4 axb4 38. Rxb4 Qxf3 39. Rb8 Kg7 0-1

[Event "Hastings Challengers 1995/96"]
[Site "Hastings"]
[Date "1996.01.01"]
[Round "5"]
[White "Giddins, Stephen W"]
[Black "Ryan, Joseph"]
[Result "0-1"]
[WhiteElo "2345"]
[BlackElo "2210"]
[PlyCount "68"]
[EventDate "1995.12.28"]
[EventType "swiss"]
[EventRounds "11"]
[EventCountry "ENG"]
[SourceTitle "BritBase"]
[Source "John Saunders"]
[SourceDate "2025.01.31"]
[SourceVersion "1"]
[SourceVersionDate "2025.01.31"]
[SourceQuality "1"]

1. d4 d5 2. c4 Nc6 3. Nc3 dxc4 4. Nf3 Nf6 5. e4 Bg4 6. Be3 e6 7. Bxc4 Bb4 8. Qc2 Qe7 ({Move order} 8... O-O 9. Rd1 Qe7 {given in databases - Steve Giddins' own record gives 8...Qe7}) 9. Rd1 O-O 10. Be2 e5 11. d5 Nd4 12. Bxd4 exd4 13. Rxd4 Bxc3+ ({Move order} 13... Rfe8 14. O-O Bxc3 15. bxc3 {given in databases - Steve Giddins' own record gives 13...Bxc3+}) 14. bxc3 Rfe8 15. O-O Nxe4 16. Rb1 Bxf3 17. Bxf3 Ng5 18. Qd3 Qe1+ 19. Rxe1 Rxe1+ 20. Qf1 Nxf3+ 21. gxf3 Rxf1+ 22. Kxf1 Kf8 23. Rb4 b6 24. Rh4 h6 25. Rc4 Rc8 26. h4 h5 27. Ke2 Ke7 28. Kd3 Kd6 29. Rf4 Rf8 30. Rf5 g6 31. Rg5 Re8 32. f4 Re1 33. f5 Rd1+ 34. Ke4 Rxd5 {Source: Steve Giddins} 0-1

[Event "Hastings Challengers 1995/96"]
[Site "Hastings"]
[Date "1996.01.01"]
[Round "5"]
[White "Howell, Christopher I"]
[Black "Lyell, Mark"]
[Result "1-0"]
[WhiteElo "2080"]
[BlackElo "2265"]
[PlyCount "75"]
[EventDate "1995.12.28"]
[EventType "swiss"]
[EventRounds "11"]
[EventCountry "ENG"]
[SourceTitle "BritBase"]
[Source "John Saunders"]
[SourceDate "2025.01.31"]
[SourceVersion "1"]
[SourceVersionDate "2025.01.31"]
[SourceQuality "1"]

1. e4 e5 2. Nf3 Nc6 3. Nc3 Nf6 4. Bb5 Bc5 5. O-O d6 6. d4 exd4 7. Nxd4 O-O 8. Nxc6 bxc6 9. Bxc6 Rb8 10. Na4 Bd7 11. Bxd7 Nxd7 12. Nxc5 Nxc5 13. Qd4 Qh4 14. f3 a5 15. b3 Ne6 16. Qd5 Qf6 17. Bd2 a4 18. bxa4 Rb2 19. a5 Rxc2 20. Rac1 c6 21. Qd3 Rxa2 22. Be3 c5 23. Qxd6 Qb2 24. Rf2 Qa3 25. Re1 Qxa5 26. Rfe2 Rd8 27. Qe5 Rxe2 28. Rxe2 Qa3 29. Kf2 h6 30. Rc2 Qb3 31. Qc3 Qb8 32. g3 Nd4 33. Rd2 Qb6 34. Rb2 Qf6 35. Bxd4 cxd4 36. Qd3 Qd6 37. Kg2 Qf6 38. Rc2 1-0

[Event "Hastings Challengers 1995/96"]
[Site "Hastings"]
[Date "1996.01.01"]
[Round "5"]
[White "Hunt, Adam C"]
[Black "McNab, Colin Anderson"]
[Result "0-1"]
[WhiteElo "2180"]
[BlackElo "2440"]
[PlyCount "100"]
[EventDate "1995.12.28"]
[EventType "swiss"]
[EventRounds "11"]
[EventCountry "ENG"]
[SourceTitle "BritBase"]
[Source "John Saunders"]
[SourceDate "2025.01.31"]
[SourceVersion "1"]
[SourceVersionDate "2025.01.31"]
[SourceQuality "1"]

1. e4 g6 2. d4 d6 3. Nc3 c6 4. Be3 Nf6 5. Qd2 Nbd7 6. Nf3 Qc7 7. a4 Bg7 8. h3 O-O 9. Bc4 Nxe4 10. Bxf7+ Rxf7 11. Nxe4 Nf6 12. Nfg5 Rf8 13. O-O Nxe4 14. Nxe4 d5 15. Ng3 e5 16. Rfe1 Bd7 17. Bh6 Bxh6 18. Qxh6 Rae8 19. Qg5 exd4 20. Rxe8 Rxe8 21. Nh5 Re5 22. Nf6+ Kf7 23. Qh4 Qd8 24. Qxh7+ Kxf6 25. Qh4+ g5 26. Qh6+ Kf7 27. f4 gxf4 28. Rf1 Re4 29. Rxf4+ Rxf4 30. Qxf4+ Qf6 31. Qc7 Ke6 32. Qxb7 d3 33. cxd3 Qd4+ 34. Kh2 Qf4+ 35. Kh1 Qxa4 36. Qb8 Qd1+ 37. Kh2 Qxd3 38. Qg8+ Kd6 39. Qf8+ Kc7 40. Qf4+ Kb7 41. Qb4+ Qb5 42. Qd6 Bc8 43. b4 Qe2 44. Qc5 Qe5+ 45. Kh1 a6 46. Qf2 d4 47. Qf7+ Kb8 48. Qf8 d3 49. Qd8 Qd5 50. Qb6+ Bb7 0-1

[Event "Hastings Challengers 1995/96"]
[Site "Hastings"]
[Date "1996.01.01"]
[Round "5"]
[White "Jaksland, Tim"]
[Black "Avni, Amatzia"]
[Result "1/2-1/2"]
[WhiteElo "2240"]
[BlackElo "2360"]
[PlyCount "119"]
[EventDate "1995.12.28"]
[EventType "swiss"]
[EventRounds "11"]
[EventCountry "ENG"]
[SourceTitle "BritBase"]
[Source "John Saunders"]
[SourceDate "2025.01.31"]
[SourceVersion "1"]
[SourceVersionDate "2025.01.31"]
[SourceQuality "1"]

1. e4 c5 2. Nf3 a6 3. c3 e6 4. d4 b5 5. Bd3 Bb7 6. O-O Nf6 7. Re1 Be7 8. a4 cxd4 9. cxd4 b4 10. Nbd2 O-O 11. Nf1 Nc6 12. h3 Na5 13. Ng3 Rc8 14. Bg5 Ne8 15. Bxe7 Qxe7 16. Qe2 Nd6 17. Nd2 Qg5 18. e5 Nf5 19. Nde4 Nxg3 20. fxg3 Bxe4 21. Qxe4 g6 22. Bxa6 Rc7 23. Kh2 d5 24. exd6 Rc6 25. Bb5 Rxd6 26. d5 Rxd5 27. Qxb4 Qd8 28. Re2 Qb6 29. Qc3 Nb7 30. Bc4 Rc5 31. b4 Rc7 32. Qb3 Qd4 33. Rc1 Rb8 34. Rec2 Na5 35. Qa2 Rxb4 36. Bxe6 Rxa4 37. Bxf7+ Rxf7 38. Qe6 Qe4 39. Qc8+ Rf8 40. Qd7 Rc4 41. Rxc4 Nxc4 42. Qa4 Rc8 43. Qb4 Qe6 44. Qb3 Qf7 45. Qc3 h6 46. Rc2 Kh7 47. Rc1 Qe6 48. Qb3 Rc7 49. Rc2 h5 50. Rc1 Qe4 51. Qc3 Qf5 52. Qxc4 Rxc4 53. Rxc4 g5 54. h4 gxh4 55. Rxh4 Kg6 56. Rf4 Qe5 57. Rh4 Qe3 58. Rf4 Kg5 59. Rh4 Kf5 60. Rf4+ 1/2-1/2

[Event "Hastings Challengers 1995/96"]
[Site "Hastings"]
[Date "1996.01.01"]
[Round "5"]
[White "Kelly, Brian R"]
[Black "Pert, Richard G"]
[Result "1-0"]
[WhiteElo "2300"]
[BlackElo "2110"]
[PlyCount "87"]
[EventDate "1995.12.28"]
[EventType "swiss"]
[EventRounds "11"]
[EventCountry "ENG"]
[SourceTitle "BritBase"]
[Source "John Saunders"]
[SourceDate "2025.01.31"]
[SourceVersion "1"]
[SourceVersionDate "2025.01.31"]
[SourceQuality "1"]

1. c4 e5 2. Nc3 Nc6 3. Nf3 g6 4. g3 Bg7 5. Bg2 d6 6. O-O Nge7 7. d3 O-O 8. Rb1 a5 9. a3 h6 10. b4 axb4 11. axb4 f5 12. b5 Nb8 13. Qb3 Kh7 14. Ba3 Nd7 15. Ne1 f4 16. Nc2 Nf6 17. Rbd1 Nf5 18. d4 exd4 19. Nxd4 Nxd4 20. Rxd4 Ng4 21. Rxf4 Rxf4 22. gxf4 Qh4 23. h3 Nf6 24. Nd5 Nxd5 25. cxd5 Qxf4 26. Bb2 Qf7 27. Bxg7 Qxg7 28. b6 Ra1 29. Qc4 Rxf1+ 30. Bxf1 Qe7 31. Kh2 h5 32. Qxc7 Qd7 33. Qxd7+ Bxd7 34. h4 Bb5 35. Kg2 Kg7 36. e4 Bd7 37. f4 Kf6 38. Kf2 Ke7 39. Ba6 Bc8 40. Bd3 Kf6 41. Ke3 Bd7 42. Kd4 Kf7 43. e5 Bc8 44. exd6 1-0

[Event "Hastings Challengers 1995/96"]
[Site "Hastings"]
[Date "1996.01.01"]
[Round "5"]
[White "Lalic, Susan Kathryn"]
[Black "Anderton, Matthew N"]
[Result "1-0"]
[WhiteElo "2315"]
[BlackElo "2145"]
[PlyCount "82"]
[EventDate "1995.12.28"]
[EventType "swiss"]
[EventRounds "11"]
[EventCountry "ENG"]
[SourceTitle "BritBase"]
[Source "John Saunders"]
[SourceDate "2025.01.31"]
[SourceVersion "1"]
[SourceVersionDate "2025.01.31"]
[SourceQuality "1"]

1. e4 e6 2. d4 d5 3. e5 c5 4. c3 Bd7 5. Nf3 Nc6 6. Be2 Nge7 7. Na3 Ng6 8. h4 Be7 9. h5 Nh4 10. Nxh4 Bxh4 11. h6 g6 12. Be3 cxd4 13. cxd4 Be7 14. O-O Qb6 15. Rc1 O-O 16. Nc2 f5 17. exf6 Bxf6 18. Qd2 Rf7 19. Rfd1 Raf8 20. Ne1 Ne7 21. Bg4 Bh8 22. Nf3 Nf5 23. Bxf5 Rxf5 24. Rc3 Qd6 25. b3 Rh5 26. a4 e5 27. dxe5 Bxe5 28. Nxe5 Qxe5 29. Qd4 Qh2+ 30. Kf1 Re5 31. Rc7 Bh3 32. Rg7+ Kh8 33. Ke1 Bxg2 34. Kd2 Be4 35. Re7 Rc8 36. Qxe5+ Qxe5 37. Rxe5 Kg8 38. Rc1 Rd8 39. Bd4 Kf7 40. Rc7+ Kf8 41. Ree7 g5 1-0

[Event "Hastings Challengers 1995/96"]
[Site "Hastings"]
[Date "1996.01.01"]
[Round "5"]
[White "Parker, Jonathan F"]
[Black "McShane, Luke J"]
[Result "1/2-1/2"]
[WhiteElo "2415"]
[BlackElo "2170"]
[PlyCount "31"]
[EventDate "1995.12.28"]
[EventType "swiss"]
[EventRounds "11"]
[EventCountry "ENG"]
[SourceTitle "BritBase"]
[Source "John Saunders"]
[SourceDate "2025.01.31"]
[SourceVersion "1"]
[SourceVersionDate "2025.01.31"]
[SourceQuality "1"]

1. f4 d5 2. Nf3 Bg4 3. b3 Bxf3 4. exf3 e6 5. Bb2 Ne7 6. g3 Nd7 7. Qe2 Nc6 8. d4 Bd6 9. c3 O-O 10. Nd2 Re8 11. Qf2 f6 12. Bb5 e5 13. fxe5 fxe5 14. O-O g5 15. Rfe1 a6 16. Bxc6 1/2-1/2

[Event "Hastings Challengers 1995/96"]
[Site "Hastings"]
[Date "1996.01.01"]
[Round "5"]
[White "Pilgaard, Kim"]
[Black "Plaskett, H James"]
[Result "1/2-1/2"]
[WhiteElo "2315"]
[BlackElo "2465"]
[PlyCount "60"]
[EventDate "1995.12.28"]
[EventType "swiss"]
[EventRounds "11"]
[EventCountry "ENG"]
[SourceTitle "BritBase"]
[Source "John Saunders"]
[SourceDate "2025.01.31"]
[SourceVersion "1"]
[SourceVersionDate "2025.01.31"]
[SourceQuality "1"]

1. e4 c5 2. Nf3 d6 3. d4 cxd4 4. Nxd4 Nf6 5. Nc3 Nc6 6. Bc4 Qb6 7. Nde2 e6 8. Bb3 Be7 9. Be3 Qa5 10. f3 O-O 11. O-O b5 12. a3 Bb7 13. Nd4 a6 14. Qe1 Qc7 15. Nxc6 Qxc6 16. Bd4 a5 17. Qg3 b4 18. axb4 axb4 19. Ne2 Rfe8 20. Rfd1 e5 21. Be3 Rxa1 22. Rxa1 d5 23. exd5 Nxd5 24. Bf2 Nf6 25. Re1 Bd6 26. Qg5 h6 27. Qg6 Qc7 28. Ng3 Kf8 29. Qf5 Bc8 30. Qd3 Rd8 1/2-1/2

[Event "Hastings Challengers 1995/96"]
[Site "Hastings"]
[Date "1996.01.01"]
[Round "5"]
[White "Prange, Stefan"]
[Black "Stoeber, Michael"]
[Result "0-1"]
[WhiteElo "2055"]
[BlackElo "2250"]
[PlyCount "71"]
[EventDate "1995.12.28"]
[EventType "swiss"]
[EventRounds "11"]
[EventCountry "ENG"]
[SourceTitle "BritBase"]
[Source "John Saunders"]
[SourceDate "2025.01.31"]
[SourceVersion "1"]
[SourceVersionDate "2025.01.31"]
[SourceQuality "1"]

1. d4 g6 2. c4 Nf6 3. Nc3 Bg7 4. e4 d6 5. Be2 O-O 6. Nf3 Nbd7 7. O-O e5 8. Be3 c6 9. Qc2 h6 10. dxe5 dxe5 11. Nd2 Qe7 12. a3 Nc5 13. b4 Ne6 14. Nb3 Re8 15. Rfd1 h5 16. f3 h4 17. Bf1 Nh5 18. Qf2 Nef4 19. g4 hxg3 20. hxg3 Qg5 21. Kh2 Kh7 22. Ne2 Rh8 23. Bg2 Nxg3 24. Nxg3 Kg8+ 25. Kg1 Qh4 26. Bxf4 Qh2+ 27. Kf1 exf4 28. Rd8+ Kh7 29. Rxh8+ Bxh8 30. Ne2 Bxa1 31. Nxa1 Be6 32. Nc2 Rd8 33. Ncd4 Bxc4 34. Ke1 Bxe2 35. Nxe2 Rd3 36. Bf1 0-1

[Event "Hastings Challengers 1995/96"]
[Site "Hastings"]
[Date "1996.01.01"]
[Round "5"]
[White "Schroeder, Wilfried"]
[Black "Ledger, Andrew J"]
[Result "1/2-1/2"]
[WhiteElo "2245"]
[BlackElo "2410"]
[PlyCount "58"]
[EventDate "1995.12.28"]
[EventType "swiss"]
[EventRounds "11"]
[EventCountry "ENG"]
[SourceTitle "BritBase"]
[Source "John Saunders"]
[SourceDate "2025.01.31"]
[SourceVersion "1"]
[SourceVersionDate "2025.01.31"]
[SourceQuality "1"]

1. d4 Nf6 2. Nf3 g6 3. g3 Bg7 4. Bg2 O-O 5. O-O d5 6. c4 dxc4 7. Na3 Nc6 8. Nxc4 Be6 9. b3 Bd5 10. Bb2 a5 11. e3 a4 12. Ncd2 Ne4 13. Nxe4 Bxe4 14. bxa4 Qd5 15. Qb3 Qa5 16. Bc3 Qxa4 17. Nd2 Bxg2 18. Kxg2 Qa6 19. a4 Na5 20. Qb5 b6 21. Qxa6 Rxa6 22. Bxa5 Rxa5 23. Nb3 Ra6 24. a5 e5 25. axb6 Rxb6 26. Nc5 Rd8 27. dxe5 Rb5 28. Rac1 Bxe5 29. Rc2 Rb2 1/2-1/2

[Event "Hastings Challengers 1995/96"]
[Site "Hastings"]
[Date "1996.01.01"]
[Round "5"]
[White "Shaw, John Kerr"]
[Black "Cherniaev, Alexander"]
[Result "1/2-1/2"]
[WhiteElo "2280"]
[BlackElo "2450"]
[PlyCount "88"]
[EventDate "1995.12.28"]
[EventType "swiss"]
[EventRounds "11"]
[EventCountry "ENG"]
[SourceTitle "BritBase"]
[Source "John Saunders"]
[SourceDate "2025.01.31"]
[SourceVersion "1"]
[SourceVersionDate "2025.01.31"]
[SourceQuality "1"]

1. e4 c5 2. Nc3 a6 3. g3 b5 4. Bg2 Bb7 5. d3 e6 6. f4 d6 7. Nf3 Nd7 8. O-O Qc7 9. h3 Be7 10. g4 b4 11. Ne2 h5 12. g5 d5 13. e5 g6 14. a3 a5 15. axb4 axb4 16. Rxa8+ Bxa8 17. Bd2 Bd8 18. Qa1 Bc6 19. d4 Bb5 20. Re1 Ne7 21. dxc5 Bxe2 22. Rxe2 Qxc5+ 23. Be3 Qc8 24. Nd4 O-O 25. Qa4 Qb7 26. Re1 Nf5 27. Nxf5 gxf5 28. Qa7 Qxa7 29. Bxa7 Bc7 30. Bf2 Ra8 31. Bf3 Kg7 32. Bxh5 Rh8 33. Be2 Rxh3 34. Ra1 Nf8 35. Kg2 Rh8 36. Ra7 Bd8 37. Rb7 Ng6 38. Rxb4 Ba5 39. Ra4 Bd2 40. Bg3 Rb8 41. b3 Rc8 42. Bd3 Rb8 43. Kf3 Rh8 44. Kg2 Rb8 1/2-1/2

[Event "Hastings Challengers 1995/96"]
[Site "Hastings"]
[Date "1996.01.01"]
[Round "5"]
[White "Straeter, Timo"]
[Black "Costello, Colin A"]
[Result "1-0"]
[WhiteElo "2310"]
[BlackElo "2115"]
[PlyCount "57"]
[EventDate "1995.12.28"]
[EventType "swiss"]
[EventRounds "11"]
[EventCountry "ENG"]
[SourceTitle "BritBase"]
[Source "John Saunders"]
[SourceDate "2025.01.31"]
[SourceVersion "1"]
[SourceVersionDate "2025.01.31"]
[SourceQuality "1"]

1. d4 d5 2. Nf3 Nf6 3. e3 e6 4. Bd3 c5 5. b3 Nc6 6. Bb2 b6 7. Nbd2 Bb7 8. O-O Be7 9. Ne5 O-O 10. f4 Nxe5 11. fxe5 Ne4 12. Bxe4 dxe4 13. Qg4 Bg5 14. Rae1 Bh4 15. Re2 Qg5 16. Rf4 Qxg4 17. Rxg4 Be7 18. Nxe4 Kh8 19. Nd6 Ba6 20. Rf2 Kg8 21. dxc5 bxc5 22. Ra4 Bc8 23. Rc4 Rd8 24. Rd2 Bg5 25. Kf2 f6 26. h4 Ba6 27. Ra4 Bb5 28. Ra5 Bxh4+ 29. g3 1-0

[Event "Hastings Challengers 1995/96"]
[Site "Hastings"]
[Date "1996.01.01"]
[Round "5"]
[White "Tagnon, Nicole"]
[Black "Emms, John M"]
[Result "0-1"]
[WhiteElo "2105"]
[BlackElo "2485"]
[PlyCount "44"]
[EventDate "1995.12.28"]
[EventType "swiss"]
[EventRounds "11"]
[EventCountry "ENG"]
[SourceTitle "BritBase"]
[Source "John Saunders"]
[SourceDate "2025.01.31"]
[SourceVersion "1"]
[SourceVersionDate "2025.01.31"]
[SourceQuality "1"]

1. e4 c5 2. Nf3 e6 3. d4 cxd4 4. Nxd4 a6 5. c4 Nf6 6. Nc3 Qc7 7. Bd3 Nc6 8. Be3 Ne5 9. Qe2 Nfg4 10. Nc2 Nxd3+ 11. Qxd3 Ne5 12. Qe2 Qxc4 13. O-O Qxe2 14. Nxe2 d6 15. f4 Nc6 16. Rad1 Bd7 17. Ng3 Be7 18. f5 h5 19. Bf4 Ne5 20. Ne3 Bb5 21. Bxe5 dxe5 22. Rfe1 Bb4 0-1

[Event "Hastings Challengers 1995/96"]
[Site "Hastings"]
[Date "1996.01.01"]
[Round "5"]
[White "Tseitlin, Mikhail S"]
[Black "Hebden, Mark L"]
[Result "0-1"]
[WhiteElo "2435"]
[BlackElo "2570"]
[PlyCount "100"]
[EventDate "1995.12.28"]
[EventType "swiss"]
[EventRounds "11"]
[EventCountry "ENG"]
[SourceTitle "BritBase"]
[Source "John Saunders"]
[SourceDate "2025.01.31"]
[SourceVersion "1"]
[SourceVersionDate "2025.01.31"]
[SourceQuality "1"]

1. e4 e5 2. Nc3 Nf6 3. g3 d5 4. exd5 Nxd5 5. Bg2 Nxc3 6. bxc3 Bc5 7. Nf3 Nc6 8. O-O O-O 9. Re1 Qf6 10. Bb2 Bg4 11. h3 Bh5 12. Qe2 Rae8 13. d3 Re6 14. g4 Bg6 15. Nd2 Qh4 16. a4 h5 17. Ba3 Bxa3 18. Rxa3 hxg4 19. hxg4 Bh7 20. a5 e4 21. dxe4 Rfe8 22. Ra4 Rf6 23. f3 Ne5 24. Nf1 Rxf3 25. Bxf3 Nxf3+ 26. Qxf3 Qxe1 27. Rd4 Bxe4 28. Qe3 Bxc2 29. Qxe1 Rxe1 30. Kf2 Re7 31. Ne3 Be4 32. Rd8+ Kh7 33. Ra8 a6 34. Rd8 Bc6 35. Rc8 Kg6 36. Nf5 Rd7 37. Rg8 f6 38. Nd4 Bd5 39. Rh8 c5 40. Ne2 Bc6 41. Rh5 c4 42. Rc5 Rd2 43. Ke1 Rc2 44. Nf4+ Kf7 45. Rxc4 g5 46. Nd3 Bf3 47. Nc5 Kg6 48. Na4 Re2+ 49. Kf1 Re5 50. Kf2 Bc6 0-1

[Event "Hastings Challengers 1995/96"]
[Site "Hastings"]
[Date "1996.01.01"]
[Round "5"]
[White "Buckley, Graeme N"]
[Black "Knox, David A"]
[Result "1-0"]
[WhiteElo "2235"]
[BlackElo "2235"]
[PlyCount "41"]
[EventDate "1995.12.28"]
[EventType "swiss"]
[EventRounds "11"]
[EventCountry "ENG"]
[SourceTitle "BritBase"]
[Source "John Saunders"]
[SourceDate "2025.01.31"]
[SourceVersion "1"]
[SourceVersionDate "2025.01.31"]
[SourceQuality "1"]

1. d4 e6 2. c4 c5 3. d5 exd5 4. cxd5 d6 5. Nc3 g6 6. e4 Nf6 7. h3 Bg7 8. Nf3 O-O 9. Bd3 c4 10. Bxc4 b5 11. Nxb5 Nxe4 12. O-O Nd7 13. Re1 f5 14. Be3 Bxb2 15. Nfd4 Ne5 16. Nc6 Qh4 17. Bf1 Bxa1 18. Qxa1 Ng4 19. hxg4 f4 20. Bd4 Ng3 21. Ne7+ 1-0

[Event "Hastings Challengers 1995/96"]
[Site "Hastings"]
[Date "1996.01.01"]
[Round "5"]
[White "De Coverly, Roger D"]
[Black "O'Cinneide, Mel"]
[Result "1/2-1/2"]
[WhiteElo "2105"]
[BlackElo "2255"]
[PlyCount "54"]
[EventDate "1995.12.28"]
[EventType "swiss"]
[EventRounds "11"]
[EventCountry "ENG"]
[SourceTitle "BritBase"]
[Source "John Saunders"]
[SourceDate "2025.01.31"]
[SourceVersion "1"]
[SourceVersionDate "2025.01.31"]
[SourceQuality "1"]

1. e4 d5 2. exd5 Qxd5 3. Nc3 Qa5 4. d4 Nf6 5. Nf3 Bf5 6. Bd2 c6 7. Bc4 e6 8. O-O Bb4 9. a3 Bxc3 10. bxc3 Nbd7 11. Bb3 Ne4 12. Be1 h6 13. d5 exd5 14. c4 Qc7 15. cxd5 O-O 16. Nd4 Bh7 17. dxc6 bxc6 18. f3 Nec5 19. Bg3 Qb6 20. Bf2 Nxb3 21. cxb3 c5 22. Ne2 Ne5 23. Nf4 Rfd8 24. Qc1 Qxb3 25. Qxc5 Nd3 26. Nxd3 Bxd3 27. Rfe1 Qd5 {Source: Roger de Coverly, 11 August 2024} 1/2-1/2